000 01248nam a2200229Ia 4500
001 L931-42930
003 IT-CnALBA
008 170116s9999||||xx |||||||||||||| ||und||
040 _aIT-CnALBA
_cIT-CnALBA
041 _aITALIANO
100 _aBOSCO GIOVANNI, SANTO.
245 0 _aSTORIA DI ITALIA RACCCCONTATA ALLA GIOVENTÙ DAI SUOI PRIMI ABITATORI AI NOSTRI GIORNI.
250 _a18a ed.
260 _aTORINO
_bSALESIANA EDITRICE TIP. E LIBR.
_c1887 [1° Ed.: n.d.]
300 _a558 p.
500 _aTARGA PREMIO AL GIOVANE BATTISTA BOANO SEMINARIO ANNO 1892 1893. PENSIERI DI S. TOMMASO. SCOPO E DIVISIONE. ITALIA PAGANA. ITALIA CRISTIANA. 476. USI E COSTUMI DEGLI ITALIANI ANTICHI. MEDIO EVO 476 1492. STORIA MODERNA 1492 1873. SOMMARIO CRONOLOGICO DEGL
501 _aSocietà San Paolo EM - Piazza San Paolo, 14 - 12051 ALBA (CN) (non commercial uses only) ® Copyright 2017
520 _aTARGA PREMIO AL GIOVANE BATTISTA BOANO SEMINARIO ANNO 1892 1893. PENSIERI DI S. TOMMASO. SCOPO E DIVISIONE. ITALIA PAGANA. ITALIA CRISTIANA. 476. USI E COSTUMI DEGLI ITALIANI ANTICHI. MEDIO EVO 476 1492. STORIA MODERNA 1492 1873. SOMMARIO CRONOLOGICO DEGL
650 _aSTORIA GENERALE ITALIA-EUROPA
942 _cBK
957 _71
999 _a48324
_bSI
_g Copie: 1
_c301899
_d301899